000 00209nam a2200097Ia 4500
008 220204s9999 xx 000 0 und d
082 _a82-3
_bSEL
100 _aSeltzer, David
245 0 _aProphecy
942 _cBK
999 _c35132
_d35132